| 000 | 00585nam a2200241Ia 4500 | ||
|---|---|---|---|
| 005 | 20250425161652.0 | ||
| 008 | 250425s9999 xx 000 0 und d | ||
| 020 | _a0070517908 | ||
| 041 | _aeng | ||
| 082 | _a660.042 | ||
| 100 | _aREID, ROBERT C | ||
| 245 | 0 | _aTHE PROPERTIES OF GASES AND LIQUIDS | |
| 250 | _a3TH ED. | ||
| 260 |
_aEstados Unidos _bMCGRAW - HILL BOOK COMPANY _c1977 |
||
| 260 | _aNEW YORK | ||
| 300 | _a688 | ||
| 650 | _aGASES | ||
| 650 | _aLIQUIDOS | ||
| 700 | _aPRAUSNITZ, JOHN M. | ||
| 700 | _aSHERWOOD, THOMAS K | ||
| 942 | _c01 | ||
| 010 | _a25455 | ||
| 999 |
_c213703 _d213703 |
||